000 00400nam a2200133Ia 4500
008 220217s9999 xx 000 0 und d
245 0 _aMethods of testing vulcanized rubber. Part D 3. Determination of crushing strength of ebonite.
260 _c1957
500 _aStandard number: BS 903 Part D 3
650 _aCrushing strength
650 _aEbonite
650 _aVulcanized rubber
942 _cST
999 _c73210
_d73210